[Event "FAI-chT 2122"]
[Site "Faroe Islands"]
[Date "2021.11.07"]
[Round "4.4"]
[White "Debes, Ingolf"]
[Black "Joensen, Ossur"]
[Result "1/2-1/2"]
[WhiteElo "1659"]
[BlackElo "1804"]
[PlyCount "46"]
[EventDate "2021.10.03"]
[EventType "team-tourn"]
[EventRounds "10"]
[EventCountry "FAI"]
[SourceTitle "EXT 2023"]
[Source "ChessBase"]
[SourceDate "2022.10.05"]
[SourceVersion "1"]
[SourceVersionDate "2022.10.05"]
[SourceQuality "1"]
[WhiteTeam "Vestmanna"]
[BlackTeam "Havnin II"]
[WhiteTeamCountry "FAI"]
[BlackTeamCountry "FAI"]

1. d4 d5 2. c4 e6 3. Nc3 Nf6 4. Bg5 Be7 5. Nf3 0-0 6. e3 b6 7. cxd5 Nxd5 8. Nxd5 exd5 9. Bxe7 Qxe7 10. Be2 Qb4+ 11. Qd2 Qxd2+ 12. Nxd2 Be6 13. Rc1 c6 14. 0-0 Rc8 15. b4 a5 16. b5 cxb5 17. Rxc8+ Bxc8 18. Bxb5 Bb7 19. Rc1 Na6 20. a3 Rc8 21. Rxc8+ Bxc8 22. Bxa6 Bxa6 23. e4 Bb7 1/2-1/2

[Event "FAI-chT2 1920"]
[Site "Faroe Islands"]
[Date "2019.12.01"]
[Round "5.2"]
[White "Joensen, Ossur"]
[Black "Morkore, Rogvi"]
[Result "1-0"]
[WhiteElo "1795"]
[BlackElo "1476"]
[PlyCount "67"]
[EventDate "2019.10.13"]
[EventType "team-tourn"]
[EventRounds "10"]
[EventCountry "FAI"]
[SourceTitle "CBM 195 Extra"]
[Source "ChessBase"]
[SourceDate "2020.05.31"]
[SourceVersion "1"]
[SourceVersionDate "2020.05.31"]
[SourceQuality "1"]
[WhiteTeam "Havnin III"]
[BlackTeam "Kollafjordur II"]
[WhiteTeamCountry "FAI"]
[BlackTeamCountry "FAI"]

1. d4 Nf6 2. c4 e6 3. Nc3 Bb4 4. Qc2 c5 5. e3 0-0 6. Nf3 Nc6 7. Bd3 h6 8. a3 Bxc3+ 9. bxc3 d5 10. 0-0 dxc4 11. Bxc4 cxd4 12. cxd4 a6 13. Rb1 Qc7 14. Bd3 Bd7 15. Ne5 Rfc8 16. Nxd7 Qxd7 17. Qb3 Rab8 18. Bd2 b5 19. Rfc1 Qd5 20. Qxd5 Nxd5 21. Rc5 Nce7 22. Rbc1 Rxc5 23. dxc5 Nc6 24. Be4 f5 25. Bf3 Ne5 26. c6 Nc4 27. Bb4 a5 28. Be1 Rc8 29. a4 Rxc6 30. axb5 Rc8 31. Bxa5 Nd6 32. Rxc8+ Nxc8 33. Bxd5 exd5 34. Bc7 1-0

[Event "FAI-chT2 1920"]
[Site "Faroe Islands"]
[Date "2019.10.27"]
[Round "2.1"]
[White "Joensen, Ossur"]
[Black "Petersen, Terji"]
[Result "0-1"]
[WhiteElo "1795"]
[BlackElo "1988"]
[PlyCount "100"]
[EventDate "2019.10.13"]
[EventType "team-tourn"]
[EventRounds "10"]
[EventCountry "FAI"]
[SourceTitle "CBM 195 Extra"]
[Source "ChessBase"]
[SourceDate "2020.05.31"]
[SourceVersion "1"]
[SourceVersionDate "2020.05.31"]
[SourceQuality "1"]
[WhiteTeam "Havnin III"]
[BlackTeam "Klaksvik II"]
[WhiteTeamCountry "FAI"]
[BlackTeamCountry "FAI"]

1. e4 c5 2. Nf3 d6 3. d4 cxd4 4. Nxd4 Nf6 5. Nc3 g6 6. Be2 Bg7 7. Be3 0-0 8. 0-0 Nc6 9. Qd2 a6 10. Rad1 Ne5 11. f3 b5 12. a4 bxa4 13. Nxa4 Bd7 14. Nc3 Qc7 15. Nb3 Rfc8 16. Qd4 Be6 17. Nd2 Rcb8 18. Rb1 Nfd7 19. Qa4 Nb6 20. Qa5 Qc6 21. f4 Nec4 22. Bxc4 Nxc4 23. Nxc4 Qxc4 24. f5 Bxc3 25. Qxc3 Qxc3 26. bxc3 Rxb1 27. Rxb1 gxf5 28. exf5 Bxf5 29. Rb7 Kf8 30. Bh6+ Ke8 31. Rb2 a5 32. Kf2 a4 33. Ra2 Be6 34. Ra3 Bd7 35. Ke3 Rb8 36. Kd2 Rb1 37. c4 Rf1 38. Ke2 Rg1 39. Kf2 Rh1 40. Rg3 Bf5 41. Re3 Bxc2 42. Bg5 e6 43. Bf4 Ke7 44. Rc3 Bb3 45. c5 e5 46. Bg5+ Kd7 47. cxd6 Kxd6 48. h3 a3 49. Bc1 a2 50. Bb2 Rb1 0-1

[Event "FAI-chT3 1718"]
[Site "Faroe Islands"]
[Date "2018.01.20"]
[Round "5.1"]
[White "Joensen, Ossur"]
[Black "Hansen, Jens Christian1111"]
[Result "0-1"]
[WhiteElo "1775"]
[BlackElo "2123"]
[PlyCount "57"]
[EventDate "2017.10.22"]
[EventType "team-tourn"]
[EventRounds "9"]
[EventCountry "FAI"]
[SourceTitle "EXT 2020"]
[Source "ChessBase"]
[SourceDate "2019.10.17"]
[SourceVersion "1"]
[SourceVersionDate "2019.10.17"]
[SourceQuality "1"]
[WhiteTeam "Havnin VI"]
[BlackTeam "Toftir"]
[WhiteTeamCountry "FAI"]
[BlackTeamCountry "FAI"]

1. c4 Nf6 2. Nf3 g6 3. Nc3 Bg7 4. g3 d6 5. d4 Nbd7 6. Bg2 e5 7. dxe5 dxe5 8. 0-0 0-0 9. Qb3 c6 10. Rd1 Qc7 11. Qb4 Re8 12. Qd6 Qxd6 13. Rxd6 Nb6 14. Bg5 Nxc4 15. Rxf6 h6 16. Bxh6 Bxf6 17. Ne4 Bg7 18. Bxg7 Kxg7 19. b3 Nb6 20. Nd6 Re7 21. Rd1 f6 22. h4 Bg4 23. Ne4 Rd7 24. Rc1 Rad8 25. Rc2 Rd1+ 26. Kh2 Bf5 27. Nfd2 Nd5 28. Rc4 Rxd2 29. Nxd2 0-1

[Event "FAI-chT2 1617"]
[Site "Faroe Islands"]
[Date "2017.03.05"]
[Round "9.3"]
[White "Joensen, Ossur"]
[Black "Olsen, Alfred A"]
[Result "1-0"]
[WhiteElo "1770"]
[BlackElo "1788"]
[PlyCount "97"]
[EventDate "2016.10.23"]
[EventType "team-tourn"]
[EventRounds "10"]
[EventCountry "FAI"]
[SourceTitle "EXT 2020"]
[Source "ChessBase"]
[SourceDate "2019.10.17"]
[SourceVersion "1"]
[SourceVersionDate "2019.10.17"]
[SourceQuality "1"]
[WhiteTeam "Havnin III"]
[BlackTeam "Vestmanna"]
[WhiteTeamCountry "FAI"]
[BlackTeamCountry "FAI"]

1. d4 d5 2. Nf3 Nf6 3. Bf4 e6 4. e3 Be7 5. Bd3 0-0 6. Nbd2 b6 7. c3 Ba6 8. Bxa6 Nxa6 9. Ne5 Bd6 10. Bg5 Nb8 11. Qf3 c5 12. Ng4 Nbd7 13. Nxf6+ Nxf6 14. h4 h6 15. Bf4 Qc7 16. g4 Bxf4 17. exf4 g6 18. h5 Kg7 19. g5 Nxh5 20. gxh6+ Kh7 21. Rh4 cxd4 22. cxd4 Qc2 23. Qe3 Qxb2 24. Rb1 Qxa2 25. Qe5 f6 26. Qc7+ Kg8 27. Rxh5 Rf7 28. Qc6 gxh5 29. Qxa8+ Kh7 30. Rxb6 Qa1+ 31. Ke2 Qxd4 32. Rxe6 Qxf4 33. Qxd5 Kxh6 34. Re8 Qg4+ 35. Nf3 Kg7 36. Re4 Qd7 37. Qxh5 Re7 38. Rxe7+ Qxe7+ 39. Kf1 Qa3 40. Qg4+ Kf8 41. Nd4 a5 42. Kg2 Qa2 43. Qd7 Qg8+ 44. Kf3 Qg1 45. Ne6+ Kg8 46. Qe8+ Kh7 47. Qf7+ Kh6 48. Qxf6+ Kh7 49. Ng5+ 1-0

[Event "FAI-chT2 1617"]
[Site "Faroe Islands"]
[Date "2016.10.23"]
[Round "1.3"]
[White "Fjallheim, Leif Reinert"]
[Black "Joensen, Ossur"]
[Result "0-1"]
[WhiteElo "1535"]
[BlackElo "1770"]
[PlyCount "76"]
[EventDate "2016.10.23"]
[EventType "team-tourn"]
[EventRounds "10"]
[EventCountry "FAI"]
[SourceTitle "EXT 2020"]
[Source "ChessBase"]
[SourceDate "2019.10.17"]
[SourceVersion "1"]
[SourceVersionDate "2019.10.17"]
[SourceQuality "1"]
[WhiteTeam "Havnin IV"]
[BlackTeam "Havnin III"]
[WhiteTeamCountry "FAI"]
[BlackTeamCountry "FAI"]

1. e4 c5 2. Nf3 Nc6 3. Bc4 d6 4. Nc3 Nf6 5. d3 g6 6. 0-0 Bg7 7. Bg5 0-0 8. h3 h6 9. Bd2 Bd7 10. Nh2 Nd4 11. f4 Nh5 12. Nf3 Ng3 13. Re1 b5 14. Bd5 Rb8 15. Kh2 Nh5 16. g4 Nf6 17. Nxd4 cxd4 18. e5 dxe5 19. fxe5 Qc7 20. Kg2 Nxd5 21. Nxd5 Bc6 22. Qf3 Bxd5 23. Qxd5 Qxc2 24. Re2 Qxd3 25. Rae1 Rfd8 26. Qc5 Rb7 27. Qc6 Rdb8 28. e6 f5 29. Bf4 Rb6 30. Qd7 Bf6 31. Bxb8 Rxb8 32. Qxa7 Rc8 33. Qb7 Qc4 34. b3 Qc3 35. Qf3 d3 36. Re3 Bg5 37. Rxd3 Qxe1 38. h4 Rc2+ 0-1

[Event "FAI-chT3 1516"]
[Site "Faroe Islands"]
[Date "2015.10.31"]
[Round "1.1"]
[White "Joensen, Ossur"]
[Black "Dam, Arni M"]
[Result "1-0"]
[WhiteElo "1727"]
[BlackElo "1346"]
[PlyCount "77"]
[EventDate "2015.10.31"]
[EventType "team-tourn"]
[EventRounds "7"]
[EventCountry "FAI"]
[SourceTitle "EXT 2017"]
[Source "ChessBase"]
[SourceDate "2016.10.25"]
[SourceVersion "1"]
[SourceVersionDate "2016.10.25"]
[SourceQuality "1"]
[WhiteTeam "Havnin VI"]
[BlackTeam "Rokur II"]
[WhiteTeamCountry "FAI"]
[BlackTeamCountry "FAI"]

1. d4 f5 2. c4 e6 3. Nc3 Nf6 4. g3 Be7 5. Bg2 0-0 6. Nf3 d5 7. 0-0 c6 8. Qb3 Ne4 9. Bf4 Bd6 10. Rad1 Bxf4 11. gxf4 Nd7 12. Ne5 Rf6 13. Rd3 Rh6 14. Nxe4 fxe4 15. Rh3 Rxh3 16. Qxh3 Qf6 17. e3 Nb6 18. b3 a5 19. c5 Nd7 20. f3 exf3 21. Rxf3 a4 22. b4 a3 23. Qh5 g6 24. Qg4 Qf5 25. Qxf5 exf5 26. Rf1 Nf6 27. h3 Ne8 28. Rb1 Nc7 29. Bf1 Kg7 30. b5 cxb5 31. Bxb5 Nxb5 32. Rxb5 Ra6 33. Nd3 Ra7 34. Rb6 Bd7 35. Nb4 h6 36. h4 Kf7 37. Nxd5 Be6 38. Nb4 Bc4 39. d5 1-0

[Event "FAI-chT2 1516"]
[Site "Faroe Islands"]
[Date "2015.10.25"]
[Round "1.3"]
[White "Joensen, Ossur"]
[Black "Mortensen, Rogvi"]
[Result "1/2-1/2"]
[WhiteElo "1727"]
[BlackElo "1813"]
[PlyCount "68"]
[EventDate "2015.10.25"]
[EventType "team-tourn"]
[EventRounds "10"]
[EventCountry "FAI"]
[SourceTitle "EXT 2017"]
[Source "ChessBase"]
[SourceDate "2016.10.25"]
[SourceVersion "1"]
[SourceVersionDate "2016.10.25"]
[SourceQuality "1"]
[WhiteTeam "Havnin III"]
[BlackTeam "Havnin II"]
[WhiteTeamCountry "FAI"]
[BlackTeamCountry "FAI"]

1. d4 Nf6 2. c4 g6 3. Nc3 d5 4. Nf3 Bg7 5. Bf4 0-0 6. e3 c5 7. Be2 cxd4 8. Nxd4 Re8 9. Bg3 e5 10. Nf3 e4 11. Nd4 dxc4 12. Ndb5 Na6 13. Bxc4 Bg4 14. Qxd8 Raxd8 15. Nd6 Re7 16. 0-0 Nb4 17. f3 exf3 18. gxf3 Bh3 19. Rfd1 Bh6 20. e4 Be3+ 21. Bf2 Bf4 22. Ndb5 Rc8 23. Bb3 a6 24. Nd4 Rd7 25. a3 Nc6 26. Nxc6 Rxc6 27. Rxd7 Nxd7 28. Nd5 Bd6 29. Bg3 Kg7 30. Bxd6 Rxd6 31. Rc1 Ne5 32. Rc3 Nc6 33. Rd3 Ne5 34. Rc3 Nc6 1/2-1/2

[Event "FAI-chT2 1415"]
[Site "Faroe Islands"]
[Date "2015.03.21"]
[Round "10.1"]
[White "Joensen, Ossur"]
[Black "Nielsen, Rogvi Egilstoft"]
[Result "0-1"]
[WhiteElo "1689"]
[BlackElo "2291"]
[PlyCount "92"]
[EventDate "2014.10.26"]
[EventType "team-tourn"]
[EventRounds "10"]
[EventCountry "FAI"]
[SourceTitle "EXT 2019"]
[Source "ChessBase"]
[SourceDate "2018.10.10"]
[SourceVersion "1"]
[SourceVersionDate "2018.10.10"]
[SourceQuality "1"]
[WhiteTeam "Havnin III"]
[BlackTeam "Sandavagur II"]
[WhiteTeamCountry "FAI"]
[BlackTeamCountry "FAI"]

1. d4 Nf6 2. Nf3 c5 3. g3 d5 4. Bg2 Nc6 5. 0-0 Bg4 6. c3 e6 7. dxc5 Bxc5 8. Nbd2 0-0 9. Nb3 Bb6 10. Bf4 Re8 11. Ne5 Bh5 12. Bf3 Bxf3 13. exf3 Rc8 14. Re1 Nd7 15. Nxc6 bxc6 16. Be3 Rb8 17. Bxb6 Qxb6 18. Re2 c5 19. Qd2 c4 20. Nd4 Nc5 21. b3 cxb3 22. Nxb3 Rec8 23. Nxc5 Rxc5 24. Re3 Qb2 25. Qxb2 Rxb2 26. a4 Rb3 27. f4 g6 28. Kf1 a5 29. Rc1 Rc4 30. Ra1 Kf8 31. Ke2 Rcxc3 32. Rxc3 Rxc3 33. Kd2 Rc4 34. Kd3 Ke7 35. h4 h5 36. f3 Rb4 37. Ke3 Rb3+ 38. Ke2 Rb2+ 39. Ke3 Rg2 40. Rb1 Ra2 41. g4 Ra3+ 42. Kf2 Rxa4 43. Ke3 Rb4 44. Ra1 a4 45. g5 Rb3+ 46. Ke2 a3 0-1

[Event "FAI-chT2 1314"]
[Site "Torshavn"]
[Date "2014.03.02"]
[Round "9.2"]
[White "Johannesen, Joen Pauli"]
[Black "Joensen, Ossur"]
[Result "1-0"]
[WhiteElo "1515"]
[BlackElo "1611"]
[PlyCount "93"]
[EventDate "2013.10.27"]
[EventType "team-tourn"]
[EventRounds "10"]
[EventCountry "FAI"]
[SourceTitle "EXT 2019"]
[Source "ChessBase"]
[SourceDate "2018.10.10"]
[SourceVersion "1"]
[SourceVersionDate "2018.10.10"]
[SourceQuality "1"]
[WhiteTeam "Vestmanna II"]
[BlackTeam "Skopun"]
[WhiteTeamCountry "FAI"]
[BlackTeamCountry "FAI"]

1. e4 c5 2. Nf3 Nc6 3. d4 cxd4 4. Nxd4 Nf6 5. Nc3 e5 6. Ndb5 d6 7. Bg5 a6 8. Na3 Be7 9. Bd3 b5 10. Ne2 0-0 11. c3 Be6 12. Nc2 Qc7 13. 0-0 Rad8 14. Ne3 h6 15. Bh4 Ng4 16. Bxe7 Nxe7 17. Nxg4 Bxg4 18. f3 Be6 19. Ng3 d5 20. Qe2 Ng6 21. Qf2 Nf4 22. Bc2 Bh3 23. Ne2 Nxg2 24. Rfd1 d4 25. Qg3 Ne3 26. Qxh3 Nxc2 27. Rac1 d3 28. Ng3 Qc5+ 29. Kh1 Qe3 30. Nf1 Qf4 31. Rd2 Rd6 32. Rcd1 Rfd8 33. Qg3 Ne3 34. Nxe3 Qxe3 35. Qf2 Qf4 36. Rg1 Rf6 37. Rg3 Rg6 38. Rxg6 fxg6 39. Kg2 g5 40. h3 h5 41. b3 g4 42. hxg4 hxg4 43. fxg4 Qxe4+ 44. Qf3 Qg6 45. Qf5 Qc6+ 46. Kg3 Qxc3 47. Qe6+ 1-0

[Event "FAI-chT2 1213"]
[Site "Faroe Islands"]
[Date "2013.03.09"]
[Round "10.3"]
[White "Bertholdsen, Bjarki"]
[Black "Joensen, Ossur"]
[Result "0-1"]
[WhiteElo "1000"]
[BlackElo "1617"]
[PlyCount "82"]
[EventDate "2012.10.28"]
[EventType "team-tourn"]
[EventRounds "10"]
[EventCountry "FAI"]
[SourceTitle "EXT 2014"]
[Source "ChessBase"]
[SourceDate "2013.11.20"]
[SourceVersion "1"]
[SourceVersionDate "2013.11.20"]
[SourceQuality "1"]
[WhiteTeam "Klaksvik III"]
[BlackTeam "Skopun"]
[WhiteTeamCountry "FAI"]
[BlackTeamCountry "FAI"]

1. e4 c5 2. Nf3 Nc6 3. d3 d6 4. g3 Nf6 5. Bg2 g6 6. Be3 Bg7 7. 0-0 Ng4 8. Qd2 Bxb2 9. Nc3 Bxa1 10. Rxa1 Qa5 11. Nd5 Qxd2 12. Bxd2 Rb8 13. h3 Nge5 14. Bc3 0-0 15. Nxe5 dxe5 16. Re1 e6 17. Nf6+ Kg7 18. Ng4 f6 19. Bd2 g5 20. h4 h6 21. hxg5 hxg5 22. f4 gxf4 23. gxf4 Kf7 24. Rf1 Ke7 25. fxe5 Nxe5 26. Nxe5 fxe5 27. Bg5+ Ke8 28. Rb1 Bd7 29. Kh2 Ba4 30. c4 b5 31. Kg3 b4 32. a3 b3 33. Rb2 Rb7 34. Be3 Rg7+ 35. Kh2 Rh8+ 36. Kg1 Rhg8 37. Bc1 Ke7 38. Rf2 Rg3 39. Rd2 Be8 40. Kf2 Rxg2+ 41. Ke3 R8g3# 0-1